000 01130nam a2200289Ia 4500
001 ebr10315394
003 CaPaEBR
006 m u
007 cr cn|||||||||
008 050517s2004 cau sb 001 0 eng d
020 _z9781576753224
020 _z1576753220
040 _aCaPaEBR
_cCaPaEBR
035 _a(OCoLC)309860678
050 1 4 _aBF637.C5
_bL44 2004eb
100 1 _aLeider, Richard.
245 1 4 _aThe power of purpose
_h[electronic resource] :
_bcreating meaning in your life and work /
_cRichard J. Leider.
260 _aSan Francisco :
_bBerrett-Koehler Publishers,
_cc2004.
300 _aix, 162 p.
504 _aIncludes bibliographical references (p. 145-147) and index.
533 _aElectronic reproduction.
_bPalo Alto, Calif. :
_cebrary,
_d2009.
_nAvailable via World Wide Web.
_nAccess may be limited to ebrary affiliated libraries.
650 0 _aConduct of life.
650 0 _aVocation.
655 7 _aElectronic books.
_2local
710 2 _aebrary, Inc.
856 4 0 _uhttp://site.ebrary.com/lib/rucke/Doc?id=10315394
_zAn electronic book accessible through the World Wide Web; click to view
999 _c57105
_d57105